| 000 -LEADER |
| fixed length control field |
00468cam a22001337a 4500 |
| 008 - FIXED-LENGTH DATA ELEMENTS--GENERAL INFORMATION |
| fixed length control field |
180718b1996 xxu||||| |||| 00| 0 eng d |
| 082 ## - DEWEY DECIMAL CLASSIFICATION NUMBER |
| Classification number |
A6x54 M422 |
| 100 ## - MAIN ENTRY--PERSONAL NAME |
| Personal name |
Mathur, Sobhag |
| 245 ## - TITLE STATEMENT |
| Title |
Hindu revivalism and the Indian national movement: a documentary study of the ideals and policies of the Hindu Mahasbha, 1939-45 |
| Statement of responsibility, etc. |
by Sobhag Mathur |
| 260 ## - PUBLICATION, DISTRIBUTION, ETC. |
| Place of publication, distribution, etc. |
Jodhpur |
| Name of publisher, distributor, etc. |
Kusumanjali |
| Date of publication, distribution, etc. |
1996 |
| 300 ## - PHYSICAL DESCRIPTION |
| Extent |
243p. |
| 650 ## - SUBJECT ADDED ENTRY--TOPICAL TERM |
| Topical term or geographic name entry element |
Hindu Mahasbha |
| 650 ## - SUBJECT ADDED ENTRY--TOPICAL TERM |
| Topical term or geographic name entry element |
India - History - 1934-45 |